000 00932nas a2200313 4500
001 BR8806230
003 BR-BrBNA
005 20231205091322.0
007 ta
008 230509b bl.|||p| |||| 00| 00por d
040 _aBR-BrBNA
_bpor
_cBiblioteca Nacional de Agricultura
041 _a(Pt)
072 _aF08
100 1 _aSantos, H.P. dos
100 1 _aPereira, L.R.
100 1 _aReis, E.M.
245 1 _aRotacao de culturas. 8. Efeito de sistemas de cultivo no rendimento de graos de trigo
246 1 _aCrop rotation. 8: Effect of crop systems on wheat yield
650 _aTRIGO
650 _aROTACAO DE CULTURA
650 _aCEVADA
650 _aCOLZA
650 _aLINHO
650 _aTREVO
650 _aRENDIMENTO
773 0 _tPesquisa Agropecuaria Brasileira (Brazil)
_xISSN 0100-204X
_g(Mar 1988), v. 23(3) p. 231-237
_wBR8806230
909 _a202311
_bLúcia
_c55
_dLúcia Elande
942 _2AGRIS
_n0
_cANA
999 _c124330
_d124330